[Event "X C.to Italiano U20"]
[Site "Bratto - Castione della Presolana ITA"]
[Date "2002.08.23"]
[Round "4"]
[White "Bevilacqua, Andrea"]
[Black "Nardi, Marco"]
[Result "1-0"]
[WhiteElo "1500"]
[BlackElo "1690"]
[PlyCount "65"]
[EventDate "2002.08.20"]

1.e4 e5 2.f4 Bc5 3.Nf3 d6 4.Bc4 Nf6 5.Nc3 O-O 6.d3 Nc6 7.Na4 Bb6 8.Nxb6 
axb6 9.Be3 Bg4 10.c3 Re8 11.O-O exf4 12.Bxf4 Nh5 13.Bxf7+ Kh8 14.Bxe8 Nxf4
15.Bxc6 bxc6 16.Qd2 Qf6 17.Nd4 Rf8 18.Kh1 c5 19.g3 cxd4 20.Rxf4 Bf3+ 21.
Kg1 Qe7 22.Rxf8+ Qxf8 23.Rf1 dxc3 24.bxc3 d5 25.Qf2 dxe4 26.dxe4 h6 27.
Qxf3 Qc5+ 28.Kh1 Qc4 29.Rd1 Qg8 30.Qf5 c5 31.e5 Qe8 32.e6 Qe7 33.Qf7 1-0

[Event "X C.to Italiano U20"]
[Site "Bratto - Castione della Presolana ITA"]
[Date "2002.08.23"]
[Round "4"]
[White "Bonagura, Stefano"]
[Black "Castellano, Fabio Marco"]
[Result "1/2-1/2"]
[WhiteElo "1521"]
[BlackElo "1600"]
[PlyCount "109"]
[EventDate "2002.08.20"]

1.d4 Nf6 2.c4 g6 3.Nc3 Bg7 4.e4 d6 5.Bd3 O-O 6.Bg5 Nbd7 7.Nf3 c6 8.Rc1 e5 
9.d5 a5 10.O-O h6 11.Bh4 Nc5 12.Bb1 Qc7 13.h3 Nh7 14.Nh2 h5 15.f3 Bh6 16.
Rc2 f5 17.Bf2 Nf6 18.Bxc5 dxc5 19.Re2 f4 20.d6 Qd8 21.Na4 Rb8 22.Nxc5 Qb6 
23.b3 Qxc5+ 24.Kh1 Bd7 25.Rg1 Rf7 26.g3 fxg3 27.Rxg3 g5 28.h4 Rg7 29.hxg5 
Bxg5 30.Reg2 Bh6 31.Rxg7+ Bxg7 32.Qd2 Kh8 33.Qg5 Rg8 34.f4 Qxd6 35.fxe5 
Qd1+ 36.Rg1 Nh7 37.Qxg7+ Rxg7 38.Rxd1 Nf8 39.Rg1 Rxg1+ 40.Kxg1 Kg7 41.Kf2 
Ng6 42.Nf3 Kf7 43.Ng5+ Ke7 44.e6 Bc8 45.Kg3 Kf6 46.e7 Kxe7 47.Nf3 Ke6 48.
Nh4 Nxh4 49.Kxh4 Ke5 50.Kxh5 b5 51.c5 a4 52.Kg5 axb3 53.axb3 Be6 54.b4 Bh3
55.Bc2 1/2-1/2

[Event "X C.to Italiano U20"]
[Site "Bratto - Castione della Presolana ITA"]
[Date "2002.08.23"]
[Round "4"]
[White "Bonarrigo, Marco"]
[Black "Tomba, Ivan"]
[Result "0-1"]
[WhiteElo "1699"]
[BlackElo "2178"]
[PlyCount "56"]
[EventDate "2002.08.20"]

1.Nf3 Nf6 2.g3 g6 3.b3 Bg7 4.Bb2 O-O 5.Bg2 c5 6.c4 Nc6 7.O-O d6 8.d4 cxd4 
9.Nxd4 Bd7 10.Qd2 Rc8 11.Nc3 Qa5 12.Rfd1 Qh5 13.Nf3 Bh6 14.e3 Bg4 15.Nd4 
Bxd1 16.Rxd1 Bg7 17.h3 Rfd8 18.g4 Qa5 19.Nde2 a6 20.a3 Qb6 21.g5 Nd7 22.b4
Qa7 23.f4 Nb6 24.Qd3 Nxc4 25.Qxc4 Nd4 26.Qa2 Nxe2+ 27.Nxe2 Qxe3+ 28.Kf1 
Rc2 0-1

[Event "X C.to Italiano U20"]
[Site "Bratto - Castione della Presolana ITA"]
[Date "2002.08.23"]
[Round "4"]
[White "Braschi, Giancarlo"]
[Black "Retter, Martin"]
[Result "1-0"]
[WhiteElo "2124"]
[BlackElo "1807"]
[PlyCount "75"]
[EventDate "2002.08.20"]

1.d4 e6 2.c4 d5 3.Nc3 Nf6 4.cxd5 exd5 5.Bg5 Be7 6.e3 O-O 7.Qc2 Be6 8.Bd3 
h6 9.Bh4 Nfd7 10.Bg3 a6 11.Rd1 f5 12.Nge2 Nb6 13.Nf4 Bc8 14.Nfxd5 Nxd5 15.
Nxd5 c6 16.Nf4 Kh7 17.O-O g5 18.Ne2 a5 19.Be5 Na6 20.a3 Kg6 21.g4 Rf7 22.
gxf5+ Bxf5 23.Bxf5+ Rxf5 24.Ng3 Qf8 25.f4 g4 26.Rde1 Bh4 27.Nxf5 Qxf5 28.
Qxf5+ Kxf5 29.e4+ Ke6 30.f5+ Kf7 31.Re2 Rd8 32.Rd1 Bf6 33.Bxf6 Kxf6 34.Kf2
c5 35.Ke3 b5 36.Rf2 Nc7 37.d5 Ke5 38.f6 1-0

[Event "X C.to Italiano U20"]
[Site "Bratto - Castione della Presolana ITA"]
[Date "2002.08.23"]
[Round "4"]
[White "Buchicchio, Alessandro"]
[Black "Mazzilli, Piero"]
[Result "1/2-1/2"]
[WhiteElo "1707"]
[BlackElo "2242"]
[PlyCount "65"]
[EventDate "2002.08.20"]

1.d4 d5 2.c4 e6 3.Nf3 c6 4.Nc3 dxc4 5.e3 b5 6.a4 b4 7.Ne4 Ba6 8.Qc2 Qd5 9.
Ned2 c3 10.bxc3 Bxf1 11.Kxf1 bxc3 12.Qxc3 Nf6 13.Ke2 Nbd7 14.Rd1 Rb8 15.
Ba3 Bxa3 16.Qxa3 c5 17.Rac1 O-O 18.dxc5 Rfc8 19.Nb1 Qb7 20.Nbd2 Qa6+ 21.
Ke1 Nd5 22.Nd4 Ne5 23.N2f3 Nc4 24.Qd3 Rxc5 25.Nb3 Rcc8 26.Nfd4 Nb4 27.Qe2 
Nb2 28.Qxa6 Nxa6 29.Rxc8+ Rxc8 30.Ra1 Rb8 31.Ke2 Rb4 32.a5 g6 33.Nd2 
1/2-1/2

[Event "X C.to Italiano U20"]
[Site "Bratto - Castione della Presolana ITA"]
[Date "2002.08.23"]
[Round "4"]
[White "Buchicchio, Giampaolo"]
[Black "Lain, Luigi"]
[Result "1-0"]
[WhiteElo "2188"]
[BlackElo "2160"]
[PlyCount "85"]
[EventDate "2002.08.20"]

1.e4 e5 2.Nf3 Nc6 3.d4 exd4 4.Nxd4 Qh4 5.Nc3 Bb4 6.Be2 Bxc3+ 7.bxc3 Nxd4 
8.Qxd4 Qf6 9.Qc5 c6 10.O-O Qe7 11.Qd4 Nf6 12.e5 Nd5 13.a4 b6 14.Ba3 Qg5 
15.f4 Qh6 16.c4 Nc7 17.Bd6 Ne6 18.Qe4 Bb7 19.a5 f6 20.a6 Bc8 21.Bg4 Nc5 
22.Bxc5 f5 23.Bxf5 bxc5 24.e6 d5 25.cxd5 O-O 26.d6 Rxf5 27.Qxf5 Bxe6 28.
Qxc5 Bd5 29.Rad1 Rd8 30.Rfe1 Qxf4 31.Rxd5 cxd5 32.Qxd5+ Kh8 33.d7 Rf8 34.
Qc5 Rg8 35.Rf1 Qd2 36.Qe7 Qd4+ 37.Kh1 h6 38.h3 Kh7 39.Rf3 Qb6 40.Rd3 Rd8 
41.Rg3 Rg8 42.d8=Q Qxd8 43.Rxg7+ 1-0

[Event "X C.to Italiano U20"]
[Site "Bratto - Castione della Presolana ITA"]
[Date "2002.08.23"]
[Round "4"]
[White "Cappai, Davide"]
[Black "Tassinari, Luca"]
[Result "1-0"]
[WhiteElo "1774"]
[BlackElo "1600"]
[PlyCount "51"]
[EventDate "2002.08.20"]

1.e4 c5 2.Nf3 d6 3.d4 cxd4 4.Nxd4 Nf6 5.Nc3 a6 6.Bg5 e5 7.Nf5 Bxf5 8.exf5 
Be7 9.Bc4 Nbd7 10.Nd5 O-O 11.Nxe7+ Qxe7 12.Bd5 Rab8 13.Bb3 h6 14.h4 Rfe8 
15.Be3 Nc5 16.g4 Nxb3 17.axb3 Kh7 18.g5 Ng8 19.Qg4 d5 20.Rg1 f6 21.gxh6 
gxh6 22.Qg6+ Kh8 23.Bxh6 Qb4+ 24.Bd2 Qe4+ 25.Kd1 Qxh4 26.Qg7# 1-0

[Event "X C.to Italiano U20"]
[Site "Bratto - Castione della Presolana ITA"]
[Date "2002.08.23"]
[Round "4"]
[White "Chinello, Gianmarco"]
[Black "Trazzi, Enrico"]
[Result "1-0"]
[WhiteElo "1636"]
[BlackElo "1500"]
[PlyCount "71"]
[EventDate "2002.08.20"]

1.e4 e5 2.Nf3 Nc6 3.d4 exd4 4.Bc4 Nf6 5.O-O d6 6.Nxd4 Be7 7.Nxc6 bxc6 8.
Nc3 O-O 9.Re1 Bb7 10.Bg5 Re8 11.e5 dxe5 12.Rxe5 h6 13.Bh4 g5 14.Bg3 Bd6 
15.Rxe8+ Nxe8 16.Qh5 Qf6 17.Ne4 Qg7 18.Re1 Bxg3 19.hxg3 Nf6 20.Qf3 Nxe4 
21.Qxe4 Qf8 22.Qg6+ Qg7 23.Qxg7+ Kxg7 24.Re7 Rf8 25.Rxc7 Bc8 26.Rxa7 Bf5 
27.Rc7 Be4 28.f3 Bd5 29.Bxd5 cxd5 30.Rc5 Rd8 31.Kf2 Kf6 32.Ke3 Ke5 33.c4 
Ke6 34.Rxd5 Rxd5 35.cxd5+ Kxd5 36.a4 1-0

[Event "X C.to Italiano U20"]
[Site "Bratto - Castione della Presolana ITA"]
[Date "2002.08.23"]
[Round "4"]
[White "Costantini, Roberto"]
[Black "Bartolini, Marco"]
[Result "1-0"]
[WhiteElo "2340"]
[BlackElo "1618"]
[PlyCount "75"]
[EventDate "2002.08.20"]

1.e4 e6 2.d4 d5 3.Nc3 dxe4 4.Nxe4 Bd7 5.Bd3 Bc6 6.Nf3 Nd7 7.O-O Ngf6 8.
Neg5 Bd6 9.c4 h6 10.Nh3 Bxf3 11.Qxf3 c6 12.b3 Qe7 13.Bb2 O-O 14.Rfe1 Rfe8 
15.Bc2 Ba3 16.Bc3 Bb4 17.Nf4 Bxc3 18.Qxc3 Qd6 19.Nd3 Rad8 20.Rad1 Qc7 21.
b4 Ra8 22.a3 a5 23.Ne5 axb4 24.axb4 Ra2 25.Rd3 Rea8 26.Rg3 Nxe5 27.dxe5 
Nd7 28.Bb1 Ra1 29.Bh7+ Kxh7 30.Rxa1 Rxa1+ 31.Qxa1 Nxe5 32.h4 f6 33.Qd4 b5 
34.c5 Nc4 35.Qe4+ f5 36.Qxe6 f4 37.Rd3 Ne5 38.Rd6 1-0

[Event "X C.to Italiano U20"]
[Site "Bratto - Castione della Presolana ITA"]
[Date "2002.08.23"]
[Round "4"]
[White "Frilli, Guido"]
[Black "Rodella, Tommaso"]
[Result "1-0"]
[WhiteElo "1750"]
[BlackElo "1573"]
[PlyCount "133"]
[EventDate "2002.08.20"]

1.e4 e5 2.d4 exd4 3.Qxd4 Nc6 4.Qe3 d6 5.Bd2 Nf6 6.Nc3 Be7 7.O-O-O O-O 8.f4
Re8 9.h3 Bf8 10.Qf3 Nd4 11.Qd3 c5 12.g4 b6 13.g5 Nxe4 14.Nxe4 Bf5 15.Bg2 
d5 16.Re1 Re7 17.c3 dxe4 18.Qc4 Rc8 19.Qa4 b5 20.Qd1 Qd5 21.b3 Qc6 22.Kb2 
Ne6 23.Ne2 g6 24.Ng3 Nc7 25.h4 h5 26.Nxf5 gxf5 27.Qxh5 Qg6 28.Qe2 Rce8 29.
h5 Qh7 30.Be3 Re6 31.Bh3 Nd5 32.Rc1 Bg7 33.Rhd1 Nxe3 34.Qxe3 Qxh5 35.Bxf5 
b4 36.Bxe6 bxc3+ 37.Kb1 Rxe6 38.Rd8+ Kh7 39.Rdd1 Bd4 40.Qg3 Kg6 41.Qg2 Be3
42.Rh1 Qf3 43.Qxf3 exf3 44.Rcf1 f2 45.Rh2 Rd6 46.Rhxf2 Bxf2 47.Rxf2 Rd1+ 
48.Kc2 Rd2+ 49.Rxd2 cxd2 50.Kxd2 Kf5 51.Ke3 f6 52.gxf6 Kxf6 53.Ke4 Ke6 54.
f5+ Kf6 55.Kf4 Kf7 56.Ke5 Ke7 57.f6+ Kf7 58.Kf5 Kf8 59.Ke6 a5 60.f7 a4 61.
Kd5 axb3 62.axb3 Kxf7 63.Kxc5 Ke8 64.b4 Kd8 65.Kc6 Kc8 66.b5 Kb8 67.Kb6 
1-0

[Event "X C.to Italiano U20"]
[Site "Bratto - Castione della Presolana ITA"]
[Date "2002.08.23"]
[Round "4"]
[White "Kidane, Robel"]
[Black "Damia, Angelo"]
[Result "0-1"]
[WhiteElo "1770"]
[BlackElo "1888"]
[PlyCount "60"]
[EventDate "2002.08.20"]

1.e4 c5 2.Nf3 d6 3.d4 cxd4 4.Nxd4 Nf6 5.Nc3 e5 6.Nb3 Be6 7.Be3 Nc6 8.Qd2 
a6 9.f3 Be7 10.O-O-O Bxb3 11.cxb3 Qc7 12.Kb1 O-O-O 13.Nd5 Qb8 14.Rc1 Kd7 
15.Nb6+ Ke8 16.Bxa6 bxa6 17.Rxc6 Nd7 18.Nxd7 Rxd7 19.Rxa6 f6 20.Rc1 Kf7 
21.Qd5+ Kg6 22.Qe6 Rhd8 23.Qf5+ Kf7 24.Qxh7 Rc7 25.Rxc7 Qxc7 26.Qh5+ Ke6 
27.f4 Rc8 28.f5+ Kd7 29.Qf7 Qc2+ 30.Ka1 Qc1+ 0-1

[Event "X C.to Italiano U20"]
[Site "Bratto - Castione della Presolana ITA"]
[Date "2002.08.23"]
[Round "4"]
[White "Lo Curto, Emanuele"]
[Black "Di Caro, Calogero"]
[Result "0-1"]
[WhiteElo "2084"]
[BlackElo "1912"]
[PlyCount "76"]
[EventDate "2002.08.20"]

1.e4 e6 2.d3 d5 3.Nd2 c5 4.Ngf3 Nc6 5.g3 g6 6.Bg2 Bg7 7.O-O Nf6 8.Re1 O-O 
9.c3 Kh8 10.e5 Nd7 11.d4 cxd4 12.cxd4 f6 13.exf6 Qxf6 14.Nb3 e5 15.Be3 e4 
16.Nfd2 Nb6 17.f3 Nc4 18.Nxc4 dxc4 19.Nd2 exf3 20.Qxf3 Nxd4 21.Qxf6 Bxf6 
22.Rac1 Bf5 23.Ne4 Bxe4 24.Bxe4 Rae8 25.Bxb7 Re7 26.Bh6 Rxb7 27.Bxf8 Nf3+ 
28.Kf1 Nxe1 29.Kxe1 Rxb2 30.Rxc4 Rxa2 31.Rc8 Kg8 32.Bc5+ Kf7 33.Rc7+ Ke6 
34.Rxa7 Rxh2 35.Bf2 Bc3+ 36.Kf1 Rxf2+ 37.Kxf2 Bd4+ 38.Kf3 Bxa7 0-1

[Event "X C.to Italiano U20"]
[Site "Bratto - Castione della Presolana ITA"]
[Date "2002.08.23"]
[Round "4"]
[White "Longo, Aldo"]
[Black "Bracali, Andrea"]
[Result "1-0"]
[WhiteElo "1575"]
[BlackElo "1488"]
[PlyCount "75"]
[EventDate "2002.08.20"]

1.e4 e6 2.d4 d5 3.Nd2 dxe4 4.Nxe4 Nd7 5.Bd3 Ngf6 6.Nxf6+ Nxf6 7.Bg5 Be7 8.
Nf3 b6 9.O-O Bb7 10.Qe2 O-O 11.Rad1 c6 12.Ne5 Qc7 13.f4 g6 14.c4 Rad8 15.
Qf2 c5 16.Qh4 Kg7 17.Bh6+ Kg8 18.Bxf8 Rxf8 19.dxc5 Qxc5+ 20.Qf2 Qa5 21.Qc2
Qc5+ 22.Kh1 Qc7 23.a3 Rd8 24.Rd2 Nh5 25.Be2 Nxf4 26.Rxd8+ Bxd8 27.Bf3 Bxf3
28.Nxf3 Be7 29.Nd4 e5 30.Nb5 Qb7 31.Re1 a6 32.Nc3 Bc5 33.Rxe5 Nh3 34.Re8+ 
Kg7 35.Ne4 Qd7 36.Rg8+ Kxg8 37.Nf6+ Kg7 38.Nxd7 1-0

[Event "X C.to Italiano U20"]
[Site "Bratto - Castione della Presolana ITA"]
[Date "2002.08.23"]
[Round "4"]
[White "Napoli, Nicolo'"]
[Black "Mogranzini, Roberto"]
[Result "1/2-1/2"]
[WhiteElo "1902"]
[BlackElo "2149"]
[PlyCount "44"]
[EventDate "2002.08.20"]

1.e4 c5 2.c3 d5 3.exd5 Qxd5 4.d4 Nf6 5.Nf3 Bg4 6.Be2 e6 7.O-O Nc6 8.Be3 
cxd4 9.Nxd4 Bxe2 10.Qxe2 a6 11.Nd2 Be7 12.Nc4 Rd8 13.Rad1 O-O 14.a4 Qe4 
15.f3 Nxd4 16.Rxd4 Qf5 17.g4 Qc5 18.Rxd8 Qc6 19.Rxf8+ Bxf8 20.Nb6 h6 21.
Rd1 Bd6 22.Qd3 Qxf3 1/2-1/2

[Event "X C.to Italiano U20"]
[Site "Bratto - Castione della Presolana ITA"]
[Date "2002.08.23"]
[Round "4"]
[White "Nardelli, Marco"]
[Black "Pulito, Alberto"]
[Result "1/2-1/2"]
[WhiteElo "1821"]
[BlackElo "2032"]
[PlyCount "62"]
[EventDate "2002.08.20"]

1.Nc3 Nf6 2.Nb1 Ng8 3.Nf3 Nc6 4.Ng1 Nb8 5.e4 d5 6.exd5 Nf6 7.Nf3 Bg4 8.d4 
Qxd5 9.Nc3 Qf5 10.Be2 Nc6 11.h3 Bxf3 12.Bxf3 Nb4 13.O-O O-O-O 14.Be3 Qxc2 
15.Bxb7+ Kxb7 16.Qf3+ Nbd5 17.Rac1 Qg6 18.Nb5 Ne4 19.Rc4 a6 20.Nxc7 Nxc7 
21.Bf4 Nd5 22.Rfc1 e5 23.dxe5 Bc5 24.Rxe4 Bb6 25.Rb4 Ka7 26.Rbc4 Qf5 27.g3
Qd7 28.Rd1 Qb5 29.Rdc1 Qd7 30.Rd1 Qb5 31.Rdc1 Qd7 1/2-1/2

[Event "X C.to Italiano U20"]
[Site "Bratto - Castione della Presolana ITA"]
[Date "2002.08.23"]
[Round "4"]
[White "Navarro, Stefano"]
[Black "Bertagnolli, Alexander"]
[Result "1-0"]
[WhiteElo "2122"]
[BlackElo "2294"]
[PlyCount "107"]
[EventDate "2002.08.20"]

1.e4 g6 2.d4 Bg7 3.Nc3 c6 4.Nf3 d5 5.e5 Bg4 6.Be2 e6 7.O-O Ne7 8.Ng5 Bxe2 
9.Nxe2 c5 10.c3 h6 11.Nf3 Nbc6 12.Bf4 Rc8 13.dxc5 g5 14.Bg3 Nf5 15.Ned4 
Nxg3 16.fxg3 Nxe5 17.Nxe5 Bxe5 18.Nxe6 fxe6 19.Qh5+ Kd7 20.Rf7+ Kc6 21.Qe2
Rf8 22.Qxe5 Rxf7 23.Qxe6+ Kxc5 24.Qxf7 Qf8 25.Qxb7 Qe8 26.Qxa7+ Kd6 27.Rf1
Rc7 28.Qa3+ Kd7 29.Qa4+ Rc6 30.h3 Qe7 31.Qa7+ Rc7 32.Qd4 Kc8 33.Qxd5 Kb8 
34.Qb5+ Rb7 35.Qc4 h5 36.b4 Rc7 37.Qd4 h4 38.gxh4 gxh4 39.Rd1 Kb7 40.Qd5+ 
Ka7 41.Qd4+ Kb7 42.a4 Qe2 43.Qd3 Qe7 44.a5 Qg7 45.Qd5+ Kb8 46.Qb5+ Rb7 47.
Qc6 Qg8 48.a6 Rc7 49.a7+ Rxa7 50.Qb6+ Ka8 51.Qc6+ Kb8 52.Re1 Re7 53.Rxe7 
Qxg2+ 54.Qxg2 1-0

[Event "X C.to Italiano U20"]
[Site "Bratto - Castione della Presolana ITA"]
[Date "2002.08.23"]
[Round "4"]
[White "Navarro, Tommaso"]
[Black "Buchicchio, Roberto"]
[Result "1-0"]
[WhiteElo "1567"]
[BlackElo "1645"]
[PlyCount "97"]
[EventDate "2002.08.20"]

1.e4 c5 2.d4 cxd4 3.c3 dxc3 4.Nxc3 d6 5.Bc4 g6 6.Nf3 Nc6 7.Qb3 e6 8.Be3 
Na5 9.Qa4+ Bd7 10.Bb5 Nc6 11.Nd4 Qc7 12.O-O a6 13.Nxc6 Bxc6 14.Bxc6+ bxc6 
15.f4 Bg7 16.Rac1 Qd7 17.Bd4 f6 18.Rcd1 Qc7 19.f5 e5 20.Be3 gxf5 21.exf5 
Ne7 22.Nd5 Nxd5 23.Rxd5 O-O 24.Qc4 Kh8 25.Rf3 Rfc8 26.Rd1 d5 27.Qh4 Rab8 
28.Rh3 Bf8 29.Qxf6+ Qg7 30.Qe6 Qe7 31.Qg6 Qg7 32.Qh5 Rxb2 33.Rg3 Qf6 34.
Rg6 Qf7 35.Bg5 Be7 36.Bxe7 Qxe7 37.Rh6 Rg8 38.g3 Rg7 39.f6 Qc5+ 40.Kh1 Qf8
41.fxg7+ Qxg7 42.Qe8+ Qg8 43.Qxe5+ Qg7 44.Qxg7+ Kxg7 45.Rxc6 Rxa2 46.Rxd5 
Kf7 47.Rh5 a5 48.Rxh7+ Kg8 49.Ra7 1-0

[Event "X C.to Italiano U20"]
[Site "Bratto - Castione della Presolana ITA"]
[Date "2002.08.23"]
[Round "4"]
[White "Piscopo, Pierluigi"]
[Black "Brunello, Sabino"]
[Result "1/2-1/2"]
[WhiteElo "2289"]
[BlackElo "1957"]
[PlyCount "49"]
[EventDate "2002.08.20"]

1.e4 e5 2.Nf3 Nc6 3.d4 exd4 4.Nxd4 Bc5 5.Be3 Qf6 6.c3 Nge7 7.g3 d5 8.Bg2 
dxe4 9.Nd2 Bxd4 10.cxd4 Nd5 11.Nxe4 Qg6 12.O-O Nxe3 13.fxe3 O-O 14.Rc1 Ne7
15.Rc5 f5 16.Nc3 c6 17.Re5 Qd6 18.Qb3+ Kh8 19.Ne4 Qc7 20.Ng5 Ng6 21.Re8 
Rxe8 22.Nf7+ Kg8 23.Nh6+ Kh8 24.Nf7+ Kg8 25.Nh6+ 1/2-1/2

[Event "X C.to Italiano U20"]
[Site "Bratto - Castione della Presolana ITA"]
[Date "2002.08.23"]
[Round "4"]
[White "Waldner, Mirko"]
[Black "Ferro, Mario"]
[Result "1-0"]
[WhiteElo "1636"]
[BlackElo "2191"]
[PlyCount "124"]
[EventDate "2002.08.20"]

1.d4 g6 2.Nf3 Bg7 3.Bf4 c5 4.e3 cxd4 5.exd4 Nf6 6.c3 O-O 7.Nbd2 Nc6 8.Bc4 
d5 9.Bb3 b5 10.a3 a5 11.O-O Ba6 12.Re1 b4 13.axb4 axb4 14.h3 bxc3 15.bxc3 
Na5 16.Ne5 e6 17.Qb1 Qb6 18.Ba4 Qxb1 19.Rexb1 Rfc8 20.Bd7 Nxd7 21.Nxd7 Bd3
22.Nb6 Bxb1 23.Nxb1 e5 24.dxe5 Rcb8 25.Nxa8 Rxa8 26.Nd2 g5 27.Bg3 Ra7 28.
Nb3 Nc6 29.Rxa7 Nxa7 30.Nd4 Kf8 31.Kf1 Ke8 32.Ke2 Kd7 33.Kd3 Nc6 34.Nxc6 
Kxc6 35.Kd4 Bf8 36.h4 Bc5+ 37.Kd3 gxh4 38.Bxh4 Kd7 39.f4 h5 40.f5 Bg1 41.
Bg3 Kc6 42.Ke2 d4 43.c4 Kc5 44.e6 fxe6 45.fxe6 Kc6 46.Kd3 Be3 47.c5 Bg5 
48.Kxd4 Be7 49.Ke5 Kxc5 50.Kf5 Kd5 51.Bf4 h4 52.Bh6 Kd6 53.Bg7 Kc6 54.Bf6 
Kd6 55.Be5+ Kd5 56.Bf6 Kd6 57.Bxe7+ Kxe7 58.Ke5 Ke8 59.Kf6 Kf8 60.Kg5 Ke7 
61.Kxh4 Kxe6 62.Kg5 Kf7 1-0

[Event "X C.to Italiano U20"]
[Site "Bratto - Castione della Presolana ITA"]
[Date "2002.08.24"]
[Round "5"]
[White "Bertagnolli, Alexander"]
[Black "Bonarrigo, Marco"]
[Result "1-0"]
[WhiteElo "2294"]
[BlackElo "1699"]
[PlyCount "59"]
[EventDate "2002.08.20"]

1.Nf3 c5 2.g3 b6 3.Bg2 Bb7 4.O-O Nf6 5.c4 e6 6.Nc3 Be7 7.b3 O-O 8.Bb2 a6 
9.d4 cxd4 10.Nxd4 Bxg2 11.Kxg2 d6 12.e3 Qc7 13.f4 Nc6 14.Qf3 Nxd4 15.exd4 
Rfd8 16.Rac1 Rab8 17.Rfe1 Qd7 18.d5 exd5 19.cxd5 Qb7 20.g4 Ne8 21.g5 Bf8 
22.h4 Nc7 23.h5 Re8 24.h6 b5 25.b4 Rxe1 26.Rxe1 Re8 27.Ne4 Qc8 28.hxg7 
Bxg7 29.Bxg7 Kxg7 30.Nxd6 1-0

[Event "X C.to Italiano U20"]
[Site "Bratto - Castione della Presolana ITA"]
[Date "2002.08.24"]
[Round "5"]
[White "Bevilacqua, Andrea"]
[Black "Kidane, Robel"]
[Result "0-1"]
[WhiteElo "1500"]
[BlackElo "1770"]
[PlyCount "78"]
[EventDate "2002.08.20"]

1.e4 c5 2.Nc3 Nc6 3.f4 g6 4.Nf3 Bg7 5.Bc4 e6 6.d3 Nge7 7.Bb3 d5 8.O-O O-O 
9.Qe1 b5 10.a3 Rb8 11.Qh4 c4 12.Ba2 a5 13.Ne2 Ba6 14.e5 b4 15.dxc4 dxc4 
16.c3 Nd5 17.Qxd8 Rfxd8 18.Ned4 Nxd4 19.Nxd4 Rb6 20.axb4 axb4 21.Bd2 Bf8 
22.Nf3 Bc5+ 23.Kh1 bxc3 24.bxc3 Rdb8 25.Rab1 Rb2 26.Rfc1 Ba3 27.Re1 Rxb1 
28.Rxb1 Rxb1+ 29.Bxb1 Bb2 30.Nd4 Nxc3 31.Bxc3 Bxc3 32.Ne2 Bd2 33.g3 c3 34.
Nxc3 Bxc3 35.Kg2 Bd4 36.Kh3 Bf1+ 37.Kh4 Bg2 38.Bd3 Kg7 39.Be2 h6 0-1

[Event "X C.to Italiano U20"]
[Site "Bratto - Castione della Presolana ITA"]
[Date "2002.08.24"]
[Round "5"]
[White "Bove, Alessandro"]
[Black "Lo Curto, Emanuele"]
[Result "1/2-1/2"]
[WhiteElo "1815"]
[BlackElo "2084"]
[PlyCount "63"]
[EventDate "2002.08.20"]

1.e4 c5 2.b4 cxb4 3.a3 e6 4.axb4 Bxb4 5.c3 Be7 6.d4 d6 7.f4 Nf6 8.Bd3 Qc7 
9.Nf3 b6 10.O-O Bb7 11.e5 Ne4 12.Qe1 d5 13.Bxe4 dxe4 14.Nfd2 Qc6 15.Qg3 
O-O 16.Re1 Kh8 17.Nxe4 Nd7 18.Ba3 Bxa3 19.Nxa3 f5 20.Nd6 Ba6 21.c4 g6 22.
Qc3 Bb7 23.Nxb7 Qxb7 24.Nb5 a6 25.Nd6 Qc7 26.Qb2 Nf6 27.exf6 Qxd6 28.d5 
exd5 29.f7+ d4 30.Rad1 Rad8 31.Re5 Qf6 32.Rxd4 1/2-1/2

[Event "X C.to Italiano U20"]
[Site "Bratto - Castione della Presolana ITA"]
[Date "2002.08.24"]
[Round "5"]
[White "Bracali, Andrea"]
[Black "Bonagura, Stefano"]
[Result "1/2-1/2"]
[WhiteElo "1488"]
[BlackElo "1521"]
[PlyCount "85"]
[EventDate "2002.08.20"]

1.Nf3 d5 2.g3 c5 3.Bg2 Nc6 4.d4 Nf6 5.O-O Bf5 6.c4 dxc4 7.Qa4 Be4 8.dxc5 
Bd5 9.Nc3 e6 10.Rd1 Qa5 11.Qxa5 Nxa5 12.Bg5 Bxf3 13.Bxf3 Bxc5 14.Bxf6 gxf6
15.Rab1 Rc8 16.Kg2 Ke7 17.Ne4 f5 18.Nxc5 Rxc5 19.b4 cxb3 20.axb3 Rb5 21.b4
Nc6 22.Bxc6 bxc6 23.Ra1 Ra8 24.Ra6 Rb6 25.Rxb6 axb6 26.Rb1 Kd6 27.Rd1+ Kc7
28.Kf3 Ra4 29.Rb1 Kb7 30.Rd1 Rxb4 31.Rd7+ Ka6 32.Rxf7 b5 33.Rxh7 c5 34.Rc7
Kb6 35.Re7 Re4 36.h4 b4 37.h5 b3 38.h6 b2 39.h7 b1=Q 40.h8=Q Qf1 41.Qb8+ 
Kc6 42.Qb7+ Kd6 43.Qd7+ 1/2-1/2

[Event "X C.to Italiano U20"]
[Site "Bratto - Castione della Presolana ITA"]
[Date "2002.08.24"]
[Round "5"]
[White "Brunello, Sabino"]
[Black "Braschi, Giancarlo"]
[Result "1-0"]
[WhiteElo "1957"]
[BlackElo "2124"]
[PlyCount "77"]
[EventDate "2002.08.20"]

1.e4 c5 2.d4 cxd4 3.c3 d3 4.Bxd3 Nc6 5.Nf3 g6 6.c4 Bg7 7.O-O d6 8.h3 Nf6 
9.Nc3 O-O 10.Bg5 Nd7 11.Qd2 Nde5 12.Nxe5 dxe5 13.Rfd1 Nd4 14.Nd5 Re8 15.b4
Bxh3 16.Be3 Bd7 17.c5 e6 18.Nc3 f5 19.f3 f4 20.Bf2 g5 21.Ne2 Qf6 22.Bc4 
Ba4 23.Nxd4 Bxd1 24.Nxe6 Rxe6 25.Rxd1 Kf8 26.Qd5 Rae8 27.Qxb7 R6e7 28.Qd5 
Re6 29.c6 Rxc6 30.Bc5+ Rxc5 31.bxc5 Bh6 32.Qg8+ Ke7 33.Qxh7+ Bg7 34.Rd6 
Rh8 35.Rxf6 Rxh7 36.Rf7+ Ke8 37.Rxa7 Kf8 38.c6 Ke8 39.c7 1-0

[Event "X C.to Italiano U20"]
[Site "Bratto - Castione della Presolana ITA"]
[Date "2002.08.24"]
[Round "5"]
[White "Buchicchio, Giancarlo"]
[Black "Buchicchio, Alessandro"]
[Result "1-0"]
[WhiteElo "1825"]
[BlackElo "1707"]
[PlyCount "107"]
[EventDate "2002.08.20"]

1.e4 Nf6 2.Nc3 d5 3.d4 dxe4 4.Bc4 e6 5.Bg5 Be7 6.f3 exf3 7.Nxf3 Nd5 8.Bxe7
Qxe7 9.Qd2 Nd7 10.O-O-O Nxc3 11.Qxc3 O-O 12.g4 Nf6 13.g5 Nd5 14.Qb3 Qd6 
15.Ne5 c5 16.Rhe1 cxd4 17.Rxd4 Qb6 18.Red1 Qxb3 19.Bxb3 Ne3 20.R1d3 Nf5 
21.Rd8 h6 22.h4 hxg5 23.hxg5 g6 24.Ng4 b6 25.Nf6+ Kg7 26.Ne8+ Kg8 27.Rh3 
f6 28.Bxe6+ Bxe6 29.Rxa8 fxg5 30.Nf6+ Kf7 31.Rxf8+ Kxf8 32.Nh7+ Kg7 33.
Nxg5 Bd5 34.Rh7+ Kf6 35.Nh3 Ng7 36.b3 b5 37.Kd2 a5 38.Rh8 a4 39.Rb8 axb3 
40.cxb3 Bg2 41.Nf4 Be4 42.Rxb5 g5 43.Ne2 Ne6 44.Ke3 Bg2 45.a4 Bf1 46.Rb6 
Ke5 47.a5 Nc7 48.Rg6 Kf5 49.Rg7 Nd5+ 50.Kf2 Bh3 51.a6 Kf6 52.a7 Nb6 53.Rg8
Be6 54.Rb8 1-0

[Event "X C.to Italiano U20"]
[Site "Bratto - Castione della Presolana ITA"]
[Date "2002.08.24"]
[Round "5"]
[White "Damia, Angelo"]
[Black "Piscopo, Pierluigi"]
[Result "0-1"]
[WhiteElo "1888"]
[BlackElo "2289"]
[PlyCount "54"]
[EventDate "2002.08.20"]

1.e4 c5 2.Nf3 e6 3.d4 cxd4 4.Nxd4 a6 5.Be3 Qc7 6.c4 Nf6 7.Nc3 Bb4 8.f3 
Bxc3+ 9.bxc3 O-O 10.Qb3 d5 11.cxd5 exd5 12.exd5 Nxd5 13.c4 Nxe3 14.Qxe3 
Bd7 15.Be2 Re8 16.Qd3 Qc5 17.Nb3 Qe5 18.Kf2 Bf5 19.Qd2 Nc6 20.f4 Qe7 21.
Rhe1 Rad8 22.Qc3 Nb4 23.Bf1 Be4 24.Rad1 Nxa2 25.Qa5 Rxd1 26.Rxd1 Bc2 27.
Re1 Qxe1+ 0-1

[Event "X C.to Italiano U20"]
[Site "Bratto - Castione della Presolana ITA"]
[Date "2002.08.24"]
[Round "5"]
[White "Di Caro, Calogero"]
[Black "Buchicchio, Giampaolo"]
[Result "1/2-1/2"]
[WhiteElo "1912"]
[BlackElo "2188"]
[PlyCount "54"]
[EventDate "2002.08.20"]

1.d4 d5 2.c4 c6 3.Nf3 Nf6 4.e3 a6 5.Qc2 e6 6.a3 Nbd7 7.b4 Bd6 8.Bb2 O-O 9.
Nbd2 Qe7 10.Ne5 a5 11.c5 Bxe5 12.dxe5 Ng4 13.Nf3 f6 14.Bd3 Ngxe5 15.Nxe5 
Nxe5 16.Bxh7+ Kh8 17.Bd3 Nxd3+ 18.Qxd3 b6 19.Qc3 bxc5 20.Qxc5 Qxc5 21.bxc5
a4 22.Bc3 Rb8 23.Bb4 Kg8 24.h4 e5 25.f3 Kf7 26.Kf2 Rh8 27.g4 Be6 1/2-1/2

[Event "X C.to Italiano U20"]
[Site "Bratto - Castione della Presolana ITA"]
[Date "2002.08.24"]
[Round "5"]
[White "Ferro, Mario"]
[Black "Longo, Aldo"]
[Result "1-0"]
[WhiteElo "2191"]
[BlackElo "1575"]
[PlyCount "59"]
[EventDate "2002.08.20"]

1.d4 d5 2.e3 Nf6 3.Bd3 e6 4.c3 Nbd7 5.f4 Bd6 6.Nf3 O-O 7.O-O Ne4 8.Bxe4 
dxe4 9.Ng5 Nf6 10.Nd2 b6 11.Ndxe4 Nxe4 12.Nxe4 f5 13.Ng3 Bb7 14.e4 Qh4 15.
e5 Be7 16.Be3 Rad8 17.Qh5 Ba6 18.Rfc1 Rd7 19.Qxh4 Bxh4 20.Nf1 Rfd8 21.Nd2 
Bb7 22.Bf2 Be7 23.Nc4 Kf7 24.a4 Ba6 25.Ne3 c5 26.d5 exd5 27.Nxf5 g6 28.
Nxe7 d4 29.Nc6 Rc8 30.e6+ 1-0